| 000 | 00602nam a2200169 a 4500 | ||
|---|---|---|---|
| 005 | 20210223123033.0 | ||
| 008 | 991125s1889 mx 000 0 spa u | ||
| 035 | _aUPN01000046341 | ||
| 049 | _aLT | ||
| 050 | 4 |
_aLB1555 M6 _bM3.6 |
|
| 100 | 1 | _aManterola, Ramón | |
| 245 | 1 | 0 |
_aPrimeras nociones sobre geometría, geografía, historia patria, economía política, derecho constitucional y ciencias físicas y naturales / _cRamón Manterola. |
| 260 |
_aMéxico : _bGobierno Federal en el Ex-Arzobispado, _c1889. |
||
| 300 | _a134 p. | ||
| 650 | 4 |
_aEDUCACION PRIMARIA - _vMANUALES _99222 |
|
| 905 | _aLibro | ||
| 999 |
_c46341 _d46341 |
||